[Event "ICS rated blitz match"]
[Site "207.99.83.229"]
[Date "1999.07.04"]
[Round "?"]
[White "LoadedGun"]
[Black "Hossa"]
[Result "1-0"]
[WhiteElo "2065"]
[BlackElo "2459"]
[PlyCount "68"]

1. e4 c5 2. Nf3 e6 3. d4 cxd4 4. Nxd4 a6 5. Bd3 Bc5 6. Nb3 Ba7 7. Qe2 Ne7 8.
Be3 O-O 9. O-O Nbc6 10. Bxa7 Rxa7 11. c3 d6 12. N1d2 f5 13. exf5 Nxf5 14. Rfe1
Qg5 15. Nf3 Qf4 16. Kh1 Nh4 17. Nbd2 Qg4 18. Nxh4 Qxh4 19. Nf3 Qf4 20. Qc2 Qh6
21. Qb3 Rxf3 22. gxf3 Qh3 23. Re3 Bd7 24. Rg1 d5 25. Qa3 Qh5 26. Qd6 Qf7 27. f4
Bc8 28. Rh3 g6 29. Rg5 Ra8 30. Bxg6 hxg6 31. f5 Kg7 32. Rxg6+ Qxg6 33. fxg6 Ra7
34. Qf4 34... Ne5 {Hossa resigns} 1-0

[Event "ICS rated blitz match"]
[Site "207.99.83.229"]
[Date "1999.07.04"]
[Round "?"]
[White "Hossa"]
[Black "Amateur"]
[Result "0-1"]
[WhiteElo "2430"]
[BlackElo "2431"]
[PlyCount "110"]

1. e4 e5 2. Nf3 Nc6 3. Bb5 a6 4. Ba4 Nf6 5. O-O Be7 6. Bxc6 dxc6 7. d3 Bg4 8.
Bg5 Nd7 9. Bxe7 Qxe7 10. Nbd2 O-O 11. Qe2 Qc5 12. c3 Rfd8 13. Qe3 Qxe3 14. fxe3
Re8 15. d4 c5 16. d5 Nf6 17. Rf2 b5 18. Ne1 c4 19. b3 Bh5 20. bxc4 Bg6 21. Nd3
Nxe4 22. Nxe4 Bxe4 23. Nc5 Bg6 24. cxb5 axb5 25. Rb2 Reb8 26. a4 Rd8 27. Rxb5
Rxd5 28. c4 Rd2 29. Rb7 Rc2 30. Rxc7 Rxc4 31. a5 Rc2 32. Ra4 Rd8 33. h3 Bf5 34.
Ra1 Be4 35. g4 Rg2+ 36. Kf1 Rh2 37. Re1 Bf3 38. Nd3 f6 39. Rc3 e4 40. Nf4 Rdd2
41. Rc8+ Kf7 42. Rc7+ Kf8 43. Rc8+ Ke7 44. Ne2 Bxe2+ 45. Rxe2 Rdxe2 46. Rc7+
Kd6 47. Rc4 Ra2 48. Kg1 Rhe2 49. Rd4+ Ke5 50. Kf1 Rxe3 51. Rb4 Rxh3 52. Rb5+
Kf4 53. Kg1 Kf3 54. Rd5 Ra1+ 55. Rd1 55... Rxd1# {Hossa checkmated} 0-1

[Event "ICS rated standard match"]
[Site "207.99.83.229"]
[Date "1999.07.04"]
[Round "?"]
[White "Ivkov"]
[Black "Hossa"]
[Result "0-1"]
[WhiteElo "2301"]
[BlackElo "2305"]
[PlyCount "142"]

1. e4 e5 2. Nf3 Nc6 3. Bb5 a6 4. Ba4 Nf6 5. O-O Be7 6. Nc3 b5 7. Bb3 d6 8. d4
Bg4 9. dxe5 dxe5 10. Qxd8+ Rxd8 11. a4 b4 12. Nd5 Bxf3 13. gxf3 Nxd5 14. Bxd5
Nd4 15. Be3 Nxf3+ 16. Kg2 Nh4+ 17. Kh1 O-O 18. Rg1 Kh8 19. c3 bxc3 20. bxc3 f5
21. Rab1 Nf3 22. Rgd1 fxe4 23. Bxe4 Rxd1+ 24. Rxd1 Nh4 25. Rd7 Rd8 26. Rxd8+
Bxd8 27. Bd3 a5 28. Be4 g6 29. f4 exf4 30. Bxf4 Kg7 31. c4 Nf5 32. Be5+ Kf7 33.
c5 Ne7 34. Bb7 Ke6 35. Bc3 c6 36. Be1 Kd5 37. Bh4 Kxc5 38. Kg2 Kb6 39. Ba8 c5
40. Be4 Nc6 41. Be1 Ne5 42. Bc3 Bf6 43. Kg3 Nd7 44. Bd2 Be5+ 45. Kg2 Bd4 46.
Bg5 Nf6 47. Bd3 Be5 48. Kf3 Nd5 49. Bc4 Nc3 50. h3 Nxa4 51. Bg8 h6 52. Bxh6 Bf6
53. Bf7 g5 54. Ke4 Nc3+ 55. Kf5 Bd8 56. Bxg5 Bxg5 57. Kxg5 Ne4+ 58. Kf4 Nd6 59.
Bb3 Kb5 60. h4 Kb4 61. Ba2 c4 62. Bb1 c3 63. Ke3 Kb3 64. Kd3 Kb2 65. Bc2 Nb7
66. h5 Nc5+ 67. Ke3 Kxc2 68. h6 Kb3 69. h7 c2 70. h8=Q c1=Q+ 71. Ke2 71... Qb2+
{Ivkov resigns} 0-1

[Event "ICS rated bullet match"]
[Site "207.99.83.229"]
[Date "1999.07.04"]
[Round "?"]
[White "FatAndMad"]
[Black "Hossa"]
[Result "0-1"]
[WhiteElo "2074"]
[BlackElo "2436"]
[PlyCount "62"]

1. d4 a6 2. c4 e6 3. Nc3 c5 4. d5 Nf6 5. e4 exd5 6. cxd5 Bd6 7. f4 Bc7 8. Nf3
O-O 9. Be2 d6 10. O-O Ba5 11. Qc2 Re8 12. e5 dxe5 13. fxe5 Bxc3 14. Qxc3 Nxd5
15. Qc2 Qb6 16. Kh1 Nb4 17. Qe4 Qg6 18. Qxg6 hxg6 19. a3 Nc2 20. Rb1 Nd4 21.
Nxd4 cxd4 22. Bf4 Nc6 23. Bc4 Bf5 24. Rbe1 Rad8 25. h3 d3 26. g4 Be6 27. Bxe6
Rxe6 28. Bd2 Rxe5 29. Rxe5 Nxe5 30. Kg2 Nc4 31. Bc3 31... Ne3+ {
FatAndMad resigns} 0-1

[Event "ICS rated standard match"]
[Site "207.99.83.229"]
[Date "1999.07.04"]
[Round "?"]
[White "Hossa"]
[Black "Sensenmann"]
[Result "0-1"]
[WhiteElo "2313"]
[BlackElo "2205"]
[PlyCount "117"]

1. e4 e5 2. Nf3 Nc6 3. c3 d5 4. Bb5 dxe4 5. Nxe5 Qd5 6. Qa4 Nge7 7. Nxc6 Nxc6
8. c4 Qd6 9. Bxc6+ bxc6 10. Nc3 f5 11. O-O Bd7 12. Qa6 Qe5 13. d4 Qxd4 14. Qb7
Rc8 15. Be3 Qxc4 16. Qxa7 Bd6 17. Rfd1 Qe6 18. a3 Qe5 19. g3 O-O 20. Bc1 Ra8
21. Qe3 Be6 22. Ne2 Rfd8 23. Qg5 Rd7 24. Qh5 Bf7 25. Qh3 Bb3 26. Rd4 Ra4 27.
Rxa4 Bxa4 28. Nc3 Bb3 29. Qf1 Qf6 30. Qa6 Be5 31. Be3 Rd8 32. Qa5 Bd6 33. Rf1
Qg6 34. Ne2 Bc4 35. Re1 Bxe2 36. Rxe2 f4 37. Bd2 e3 38. fxe3 fxg3 39. h3 Rf8
40. Qc3 Qf5 41. Qc4+ Rf7 42. Rg2 Qxh3 43. Qxc6 Qf5 44. Qc1 h5 45. Qe1 h4 46.
Bb4 Bxb4 47. axb4 Re7 48. Rd2 Qf3 49. Qc1 Qxe3+ 50. Kg2 Qe4+ 51. Kh3 Qf5+ 52.
Kg2 h3+ 53. Kxg3 Re3+ 54. Kh2 Qe5+ 55. Kh1 Re1+ 56. Qxe1 Qxe1+ 57. Kh2 Qxd2+
58. Kxh3 Qxb2 59. Kg3 {Hossa resigns} 0-1

[Event "ICS rated blitz match"]
[Site "207.99.83.229"]
[Date "1999.07.04"]
[Round "?"]
[White "Farendil"]
[Black "Hossa"]
[Result "0-1"]
[WhiteElo "2330"]
[BlackElo "2414"]
[PlyCount "35"]

1. d4 a6 2. e4 e6 3. Nf3 b5 4. Bd3 c5 5. O-O d5 6. dxc5 Bxc5 7. Nc3 Ne7 8. exd5
exd5 9. h3 O-O 10. Re1 b4 11. Ne2 Nbc6 12. Ng3 Qd6 13. Be3 Bxe3 14. Rxe3 Qf4
15. Qd2 Be6 16. Rae1 Rfe8 17. Ne5 Nxe5 18. Nh5 {Farendil resigns} 0-1

[Event "ICS rated blitz match"]
[Site "207.99.83.229"]
[Date "1999.07.04"]
[Round "?"]
[White "Hossa"]
[Black "Farendil"]
[Result "1-0"]
[WhiteElo "2423"]
[BlackElo "2321"]
[PlyCount "93"]

1. e4 e5 2. Nf3 Nc6 3. Bb5 a6 4. Ba4 d6 5. d4 Bd7 6. Bxc6 Bxc6 7. Nc3 Nf6 8.
O-O Be7 9. Qd3 exd4 10. Nxd4 Bd7 11. Bg5 O-O 12. Rae1 h6 13. Bxf6 Bxf6 14. Nd5
Bc6 15. c3 Bxd5 16. exd5 Qd7 17. Nf5 Rfe8 18. Qf3 Rxe1 19. Rxe1 Re8 20. Re3 Re5
21. Nxh6+ Kf8 22. Ng4 Rxe3 23. Nxe3 Qb5 24. Qf5 Ke7 25. Qc8 g6 26. Qxc7+ Qd7
27. Qxd7+ Kxd7 28. f4 b5 29. a3 a5 30. Kf2 Kc7 31. Nc2 Kb6 32. Kf3 Kc5 33. Ne3
b4 34. cxb4+ axb4 35. Nd1 bxa3 36. bxa3 Kxd5 37. a4 Kc4 38. Ne3+ Kc5 39. f5 d5
40. a5 Bd8 41. a6 Bb6 42. f6 Kd4 43. Ng4 Kc3 44. Ne5 Kc2 45. g4 d4 46. Ke4 Kc3
47. h4 {Farendil resigns} 1-0

[Event "ICS rated blitz match"]
[Site "207.99.83.229"]
[Date "1999.07.04"]
[Round "?"]
[White "Farendil"]
[Black "Hossa"]
[Result "0-1"]
[WhiteElo "2300"]
[BlackElo "2433"]
[PlyCount "42"]

1. d4 a6 2. e4 e6 3. Nf3 b5 4. Bd3 c5 5. O-O d5 6. dxc5 Bxc5 7. Nc3 Ne7 8. Bg5
f6 9. Bh4 O-O 10. e5 Nd7 11. Re1 Qe8 12. a3 Nxe5 13. Nxe5 fxe5 14. Rxe5 Qf7 15.
Qh5 Bxf2+ 16. Bxf2 Qxf2+ 17. Kh1 h6 18. Nxd5 Nxd5 19. Rxd5 exd5 20. Qxd5+ Qf7
21. Qxa8 21... Bb7 {Farendil resigns} 0-1

[Event "ICS rated blitz match"]
[Site "207.99.83.229"]
[Date "1999.07.04"]
[Round "?"]
[White "Amateur"]
[Black "Hossa"]
[Result "1-0"]
[WhiteElo "2438"]
[BlackElo "2442"]
[PlyCount "67"]

1. e4 e5 2. Nf3 Nc6 3. Bb5 a6 4. Bxc6 dxc6 5. O-O f6 6. d4 Bg4 7. c3 Bxf3 8.
Qxf3 exd4 9. Rd1 c5 10. Be3 d3 11. e5 c6 12. e6 Qd6 13. Qg4 Ne7 14. Na3 Rd8 15.
Nc4 Qd5 16. Na5 b6 17. Nb7 Ra8 18. c4 Qe5 19. Bf4 Qe2 20. Nd6+ Kd8 21. Nf7+ Ke8
22. Qh3 Ng6 23. Be3 Qxb2 24. Nxh8 Nxh8 25. Qxh7 Qe5 26. Qxh8 Qxe6 27. Rxd3 Qxc4
28. Rd6 Rc8 29. Bh6 Ke7 30. Rad1 Qh4 31. Qg8 Qg4 32. Bf4 c4 33. Re1+ Qe2 34.
Rxe2# {Hossa checkmated} 1-0

[Event "ICS rated standard match"]
[Site "207.99.83.229"]
[Date "1999.07.04"]
[Round "?"]
[White "Hossa"]
[Black "Secret"]
[Result "1/2-1/2"]
[WhiteElo "2292"]
[BlackElo "2385"]
[PlyCount "331"]

1. e4 e5 2. Nf3 Nf6 3. d4 Nxe4 4. Bd3 d5 5. Nxe5 Nd7 6. Nd2 Qe7 7. O-O Nxe5 8.
dxe5 Qxe5 9. Bxe4 dxe4 10. Nxe4 Be6 11. Re1 Rd8 12. Qf3 Be7 13. Bf4 Qf5 14. Ng3
Qd5 15. Qxd5 Rxd5 16. Bxc7 O-O 17. c3 g6 18. Bf4 Rfd8 19. Bh6 b6 20. a4 g5 21.
Rab1 Rc8 22. Ne4 Bf5 23. Ra1 Bg6 24. Ng3 Bf6 25. Nf1 Bg7 26. Bxg7 Kxg7 27. Red1
Rcd8 28. Rxd5 Rxd5 29. a5 bxa5 30. c4 Rc5 31. Rc1 Kf6 32. Ne3 Ke5 33. Rd1 f5
34. b3 a4 35. bxa4 f4 36. Ng4+ Kf5 37. f3 h5 38. Nh6+ Ke6 39. h4 gxh4 40. Rd4
Rc8 41. Rxf4 Rh8 42. Rxh4 Rxh6 43. Rd4 Rh7 44. Rd5 Rc7 45. Ra5 Be8 46. Kf2 Rxc4
47. Ra6+ Kf5 48. Ra5+ Kg6 49. Ra6+ Kg5 50. Ra5+ Kh4 51. Rxa7 Bxa4 52. g3+ Kg5
53. Ra5+ Kg6 54. Ra8 Bc6 55. Rc8 Rc3 56. Ke1 Re3+ 57. Kd2 Re6 58. f4 Kf5 59.
Rf8+ Ke4 60. Rh8 Rg6 61. Rxh5 Rxg3 62. f5 Rd3+ 63. Ke1 Be8 64. Rh8 Bf7 65. f6
Kf5 66. Rh2 Kxf6 67. Rf2+ Ke7 68. Re2+ Be6 69. Rd2 Rh3 70. Rd1 Bf5 71. Kf2 Rb3
72. Re1+ Kd6 73. Re8 Be6 74. Rd8+ Ke5 75. Re8 Kd5 76. Re7 Rh3 77. Re8 Ra3 78.
Rd8+ Ke4 79. Re8 Kf5 80. Rf8+ Ke4 81. Re8 Ra2+ 82. Kg3 Ra6 83. Re7 Ra3+ 84. Kf2
Rf3+ 85. Ke2 Rf6 86. Re8 Kd4 87. Rd8+ Bd5 88. Ke1 Rf4 89. Ke2 Re4+ 90. Kd2 Re6
91. Rd7 Ra6 92. Rc7 Rb6 93. Rc2 Rh6 94. Kc1 Be4 95. Rb2 Rh1+ 96. Kd2 Bd5 97.
Rb4+ Bc4 98. Rb2 Rg1 99. Rc2 Bd3 100. Rb2 Bc4 101. Rc2 Bd5 102. Rb2 Be6 103.
Rb8 Rg2+ 104. Ke1 Bd5 105. Kf1 Ra2 106. Rd8 Rc2 107. Ke1 Rh2 108. Kf1 Rd2 109.
Ke1 Rb2 110. Kd1 Ke4 111. Kc1 Rg2 112. Rc8 Kd3 113. Rd8 Kd4 114. Rd6 Rf2 115.
Rg6 Be6 116. Rxe6 Rg2 117. Re1 Kc4 118. Rd1 Kc3 119. Rd5 Rc2+ 120. Kd1 Rh2 121.
Rb5 Kd4 122. Rf5 Rb2 123. Ke1 Ke3 124. Kf1 Rc2 125. Kg1 Rd2 126. Rf1 Ke4 127.
Re1+ Kf3 128. Re5 Rd1+ 129. Kh2 Rd8 130. Rf5+ Ke4 131. Rf2 Rg8 132. Kh3 Rg1
133. Kh4 Ke3 134. Rf5 Ke4 135. Rf2 Ke5 136. Re2+ Kf4 137. Rf2+ Ke4 138. Re2+
Kf3 139. Re6 Rg2 140. Re5 Kf4 141. Kh3 Rg6 142. Re1 Rg3+ 143. Kh4 Rg4+ 144. Kh5
Rg2 145. Rf1+ Ke5 146. Re1+ Kd4 147. Rd1+ Ke4 148. Re1+ Kd5 149. Rd1+ Kc5 150.
Rb1 Kc6 151. Rd1 Kb5 152. Rc1 Rg3 153. Ra1 Kc4 154. Rb1 Kd4 155. Rc1 Rg8 156.
Rd1+ Ke4 157. Re1+ Kd5 158. Rd1+ Ke5 159. Re1+ Kd6 160. Rc1 Rg7 161. Re1 Kd5
162. Rd1+ Ke6 163. Rf1 Kd6 164. Re1 Kc5 165. Rd1 Rg3 166. Rb1 {
Game drawn by the 50 move rule} 1/2-1/2

[Event "ICS rated bullet match"]
[Site "207.99.83.229"]
[Date "1999.07.04"]
[Round "?"]
[White "lhg"]
[Black "Hossa"]
[Result "0-1"]
[WhiteElo "2307"]
[BlackElo "2440"]
[PlyCount "94"]

1. e4 e5 2. Nf3 Nf6 3. Nxe5 d6 4. Nxf7 Kxf7 5. d4 Be6 6. Nc3 Be7 7. d5 Bc8 8.
f3 Nbd7 9. Be3 Re8 10. Qd2 Kg8 11. O-O-O Ne5 12. h3 Nh5 13. f4 Ng3 14. Rg1 Nxf1
15. Rgxf1 Nc4 16. Qe2 Nxe3 17. Qxe3 Bf6 18. Kb1 Bxc3 19. bxc3 c6 20. c4 Qb6+
21. Qxb6 axb6 22. Rde1 Ra4 23. e5 Rxc4 24. exd6 Rd8 25. Re7 cxd5 26. Rfe1 Rxd6
27. Re8+ Kf7 28. R1e7+ Kg6 29. g3 Bxh3 30. Re5 Bf5 31. g4 Bxc2+ 32. Kb2 Bd1 33.
R8e7 Rxf4 34. R7e6+ Rxe6 35. Rxe6+ Rf6 36. Re5 Rf2+ 37. Kc3 Bxg4 38. Rxd5 Rxa2
39. Rd6+ Kf5 40. Rxb6 Bf3 41. Kd4 Rg2 42. Ke3 Bc6 43. Rb5+ Bxb5 44. Kf3 Re2 45.
Kg3 Bc6 46. Kh4 Re3 47. Kh5 47... Rh3# {lhg checkmated} 0-1

[Event "ICS Rated standard match"]
[Site "207.99.83.229"]
[Date "1999.07.04"]
[Round "?"]
[White "Hossa"]
[Black "fito"]
[Result "1-0"]
[WhiteElo "2296"]
[BlackElo "2083"]
[PlyCount "76"]

1. e4 c5 2. Bc4 e6 3. d4 cxd4 4. Nf3 Nc6 5. O-O Nf6 6. Bg5 h6 7. Bxf6 Qxf6 8.
Qe2 Bc5 9. e5 Qf4 10. Nbd2 O-O 11. Rad1 f6 12. exf6 gxf6 13. Qd3 d5 14. Qg6+
Kh8 15. Bd3 f5 16. g3 Qc7 17. Qxh6+ Qh7 18. Qf4 Qg7 19. Rfe1 Bb6 20. Bb5 Kg8
21. a4 Bc7 22. Qh4 e5 23. Qh5 e4 24. Bxc6 bxc6 25. Nxd4 Qxd4 26. Qg6+ Qg7 27.
Qxc6 Rb8 28. Qxd5+ Qf7 29. Qd4 Be6 30. b4 Bb6 31. Qd6 Bc7 32. Qc5 Bb6 33. Qe5
Rbd8 34. Qf4 Qh5 35. h4 Rd7 36. Qe5 Re8 37. Nxe4 fxe4 38. Qxh5 38... Rxd1 {
fito resigns} 1-0

[Event "ICS rated bullet match"]
[Site "207.99.83.229"]
[Date "1999.07.04"]
[Round "?"]
[White "Hossa"]
[Black "wboy"]
[Result "1-0"]
[WhiteElo "2445"]
[BlackElo "2069"]
[PlyCount "105"]

1. e4 g6 2. d4 Bg7 3. Nf3 d6 4. Nc3 Nf6 5. Be2 O-O 6. O-O Bg4 7. Be3 Bxf3 8.
Bxf3 Nc6 9. e5 dxe5 10. Bxc6 bxc6 11. dxe5 Qxd1 12. Nxd1 Ne8 13. Bc5 Bxe5 14.
Bxe7 Nd6 15. Bxf8 Kxf8 16. f4 Bg7 17. Rc1 Re8 18. c3 f5 19. Rf3 Nc4 20. b3 Nd6
21. Rc2 Kf7 22. a4 h5 23. a5 Bf6 24. Rd2 Ke7 25. Re3+ Kd7 26. Rxe8 Kxe8 27. Rd3
Kd7 28. Rg3 c5 29. Rxg6 Be7 30. Rh6 c4 31. bxc4 Nxc4 32. Rxh5 Nxa5 33. Rxf5 Nc6
34. g4 a5 35. Nb2 Ke6 36. h3 Nd8 37. Rxa5 Nf7 38. Rf5 Nd6 39. Re5+ Kf7 40. Kh2
Bf6 41. Rc5 Ke6 42. Rxc7 Nf7 43. f5+ Ke5 44. Rxf7 Bg5 45. Kg3 Bf4+ 46. Kf3 Bd2
47. Nc4+ Kd5 48. Nxd2 Kc5 49. g5 Kd5 50. g6 Ke5 51. Ne4 Kd5 52. Rc7 Ke5 53.
Rc5# {wboy checkmated} 1-0

[Event "ICS rated blitz match"]
[Site "207.99.83.229"]
[Date "1999.07.04"]
[Round "?"]
[White "Hossa"]
[Black "inmortal"]
[Result "0-1"]
[WhiteElo "2426"]
[BlackElo "2379"]
[PlyCount "150"]

1. e4 e5 2. Nf3 Nc6 3. Bb5 a6 4. Ba4 Nf6 5. O-O Be7 6. Nc3 b5 7. Bb3 d6 8. d3
O-O 9. Be3 Na5 10. a4 b4 11. Nd5 Nxb3 12. Nxe7+ Qxe7 13. cxb3 c5 14. Bg5 h6 15.
Bh4 g5 16. Nxg5 hxg5 17. Bxg5 Qe6 18. f4 Nh7 19. f5 Qd7 20. Qg4 Kh8 21. Qh5 f6
22. Bh6 Rg8 23. Rac1 Qe7 24. Rc4 a5 25. Rc2 Ra7 26. Rcc1 Qf7 27. Qd1 Bd7 28.
Rc4 Be8 29. Qd2 Qh5 30. Be3 Bf7 31. Rcc1 Bxb3 32. Ra1 Rag7 33. Rf2 Ng5 34. Bxg5
Qxg5 35. Qxg5 Rxg5 36. g3 Kg7 37. Rf3 Kf7 38. Kg2 Ke7 39. Rh1 d5 40. Rc1 Kd6
41. d4 c4 42. dxe5+ Kxe5 43. exd5 Kxd5 44. Rf4 Re8 45. h4 Rg7 46. Kf2 Re4 47.
Rxe4 Kxe4 48. Kg2 Kxf5 49. Kh3 Kg6 50. g4 Rd7 51. Kg3 Rd2 52. Rb1 Bc2 53. Re1
Bd3 54. Re6 Rxb2 55. Ra6 c3 56. h5+ Kg5 57. Rxa5+ f5 58. gxf5 Bxf5 59. h6 Kxh6
60. Rxf5 c2 61. Rc5 b3 62. Rc6+ Kg5 63. Rc5+ Kf6 64. Rc6+ Ke5 65. Rc5+ Kd4 66.
Rc7 Rb1 67. Rb7 c1=Q 68. Rd7+ Ke5 69. Re7+ Kd6 70. Re4 Qg5+ 71. Kf2 Rb2+ 72.
Kf3 Rg2 73. Rb4 Rg3+ 74. Ke2 Qe3+ 75. Kf1 75... Rg1# {Hossa checkmated} 0-1

[Event "ICS rated blitz match"]
[Site "207.99.83.229"]
[Date "1999.07.04"]
[Round "?"]
[White "Hossa"]
[Black "chapo"]
[Result "1-0"]
[WhiteElo "2408"]
[BlackElo "2086"]
[PlyCount "45"]

1. e4 e6 2. d4 d5 3. Nd2 dxe4 4. Nxe4 Nd7 5. Nf3 Be7 6. Bd3 Ngf6 7. O-O Nxe4 8.
Bxe4 Nf6 9. Bd3 h6 10. Bf4 O-O 11. Qe2 b6 12. Be5 Bb7 13. Rad1 Rc8 14. Ba6 Bxf3
15. Qxf3 Rb8 16. Bb7 Nd7 17. Bc6 Nxe5 18. dxe5 Qc8 19. Rd7 Bc5 20. c3 a5 21. a3
Rd8 22. Qxf7+ Kh8 23. Qxg7# {chapo checkmated} 1-0

[Event "ICS Rated blitz match"]
[Site "207.99.83.229"]
[Date "1999.07.04"]
[Round "?"]
[White "Krell"]
[Black "Hossa"]
[Result "1-0"]
[WhiteElo "2507"]
[BlackElo "2412"]
[PlyCount "65"]

1. e4 e5 2. Nf3 Nc6 3. Bb5 a6 4. Bxc6 dxc6 5. O-O f6 6. d4 exd4 7. Nxd4 c5 8.
Nb3 Qxd1 9. Rxd1 Bd7 10. Bf4 O-O-O 11. Nc3 g5 12. Bg3 Re8 13. f3 Be6 14. Nd5
Bxd5 15. Rxd5 c6 16. Rdd1 g4 17. Na5 gxf3 18. gxf3 h5 19. Nc4 b5 20. Nd6+ Bxd6
21. Rxd6 Kb7 22. Rd7+ Kb6 23. Bc7+ Kb7 24. Bd6+ Kb6 25. a4 bxa4 26. Rxa4 Rh6
27. Bc7+ Kb5 28. b3 c4 29. c3 c5 30. Rd6 cxb3 31. Rdxa6 Rg6+ 32. Kf2 Rb8 33.
c4# {Hossa checkmated} 1-0

[Event "ICS rated blitz match"]
[Site "207.99.83.229"]
[Date "1999.07.04"]
[Round "?"]
[White "Hossa"]
[Black "Krell"]
[Result "0-1"]
[WhiteElo "2400"]
[BlackElo "2519"]
[PlyCount "49"]

1. e4 c5 2. Nf3 e6 3. d4 cxd4 4. Nxd4 Nc6 5. Nc3 Nf6 6. Ndb5 d6 7. Bf4 e5 8.
Bg5 a6 9. Na3 b5 10. Bxf6 gxf6 11. Qd5 Bd7 12. Ne2 Rc8 13. O-O-O Qb6 14. Nc3
Nd4 15. Rxd4 exd4 16. Nd1 Qc5 17. Qb3 Qg5+ 18. Kb1 Bh6 19. Ne3 dxe3 20. fxe3
Rg8 21. g3 Qh5 22. Bd3 Rxg3 23. c4 Rxe3 24. Qd1 Bg4 25. Qd2 {Hossa resigns} 0-1

[Event "ICS rated blitz match"]
[Site "207.99.83.229"]
[Date "1999.07.04"]
[Round "?"]
[White "Zavros"]
[Black "Hossa"]
[Result "1-0"]
[WhiteElo "2286"]
[BlackElo "2389"]
[PlyCount "83"]

1. e4 c5 2. Nf3 e6 3. d4 cxd4 4. Nxd4 Nc6 5. Nc3 Nf6 6. Nxc6 bxc6 7. e5 Nd5 8.
Ne4 Qc7 9. f4 Qb6 10. Bd3 Ba6 11. a3 Bxd3 12. Qxd3 Rd8 13. c4 Qa5+ 14. Bd2 Nxf4
15. Qg3 Nxg2+ 16. Kf1 Qa6 17. Kxg2 Qxc4 18. Qf3 d5 19. exd6 f5 20. Nf6+ Kf7 21.
Rac1 Qb5 22. Ne4 Kg8 23. Rhf1 Qxb2 24. Rxc6 Bxd6 25. Rf2 Be5 26. Ng5 Bd4 27.
Be3 Qb8 28. Bxd4 a6 29. Nxe6 Rxd4 30. Nxd4 g6 31. Qf4 Qa8 32. Rb2 Qf8 33. Rb8
a5 34. Ne6 Qxb8 35. Qxb8+ Kf7 36. Qxh8 Ke7 37. Qxh7+ Ke8 38. Qxg6+ Ke7 39. Qxf5
a4 40. Nd4 Kd8 41. Rc8+ Ke7 42. Qe6# {Hossa checkmated} 1-0

[Event "ICS rated blitz match"]
[Site "207.99.83.229"]
[Date "1999.07.04"]
[Round "?"]
[White "Hossa"]
[Black "Warp9"]
[Result "0-1"]
[WhiteElo "2390"]
[BlackElo "2731"]
[PlyCount "97"]

1. e4 e6 2. d4 d5 3. Nd2 Nf6 4. e5 Nfd7 5. Ngf3 c5 6. c3 Be7 7. Bd3 Nc6 8. O-O
Qb6 9. a4 cxd4 10. cxd4 Nxd4 11. a5 Qc5 12. Nxd4 Qxd4 13. Nf3 Qb4 14. a6 bxa6
15. Ra4 Qb6 16. Rg4 g6 17. Qe2 Rb8 18. Qd2 Bb7 19. Qh6 Bf8 20. Qd2 Bg7 21. Re1
O-O 22. Bb1 Rfd8 23. Rb4 Qc5 24. Rd4 Bc6 25. b4 Qb6 26. Bc2 Qc7 27. Qg5 Nxe5
28. Nxe5 f6 29. Qg4 fxe5 30. Qxe6+ Kh8 31. Rh4 Rd6 32. Qh3 Bf6 33. Rh6 Kg8 34.
Ba3 Bb7 35. Bxg6 hxg6 36. Rxg6+ Bg7 37. Rg5 Re8 38. Qg3 Rd7 39. Bb2 d4 40. Qg4
Ree7 41. f3 Rd5 42. Qh4 d3 43. Ba3 d2 44. Rd1 Qc2 45. Rxd2 Qb1+ 46. Kf2 Rxd2+
47. Kg3 Qf1 48. Qh3 Qf2+ 49. Kg4 {Hossa resigns} 0-1

[Event "ICS rated standard match"]
[Site "207.99.83.229"]
[Date "1999.07.04"]
[Round "?"]
[White "Ivkov"]
[Black "Hossa"]
[Result "0-1"]
[WhiteElo "2260"]
[BlackElo "2299"]
[PlyCount "32"]

1. b3 e5 2. Nf3 e4 3. Nd4 Nf6 4. Bb2 Nc6 5. e3 Nxd4 6. exd4 d5 7. Bb5+ c6 8.
Be2 Bd6 9. d3 O-O 10. dxe4 Nxe4 11. O-O Qh4 12. g3 Qf6 13. f3 Nxg3 14. hxg3
Bxg3 15. Bd3 Bh3 16. c4 16... Qg5 {Ivkov resigns} 0-1

[Event "ICS rated standard match"]
[Site "207.99.83.229"]
[Date "1999.07.04"]
[Round "?"]
[White "Hossa"]
[Black "attakinski"]
[Result "0-1"]
[WhiteElo "2312"]
[BlackElo "2544"]
[PlyCount "83"]

1. e4 e5 2. Nf3 Nc6 3. Bb5 f5 4. d3 fxe4 5. dxe4 Nf6 6. O-O d6 7. Bg5 Be7 8.
Bxf6 Bxf6 9. Qd5 Bd7 10. Nc3 Qe7 11. Rad1 a6 12. Ba4 Qe6 13. Qxe6+ Bxe6 14. Nd5
Bxd5 15. exd5 b5 16. dxc6 bxa4 17. Rd3 Rb8 18. b3 O-O 19. Nd2 Rb6 20. Rc3 axb3
21. axb3 d5 22. Nb1 Rd8 23. Rc5 Be7 24. Rc3 Rd6 25. Re1 e4 26. Rd1 Bf6 27. Rc5
Rbxc6 28. Rxc6 Rxc6 29. Rxd5 Rxc2 30. Nd2 c6 31. Rd7 Bc3 32. Nf1 Be1 33. g3
Bxf2+ 34. Kg2 Be3+ 35. Kh3 Bg5 36. Ra7 e3 37. Nxe3 Bxe3 38. Rxa6 Bg1 39. g4
Bxh2 40. g5 Kf7 41. Kg4 Bd6 42. Kf5 {Hossa resigns} 0-1

[Event "ICS Rated standard match"]
[Site "207.99.83.229"]
[Date "1999.07.05"]
[Round "?"]
[White "robbok1"]
[Black "Hossa"]
[Result "0-1"]
[WhiteElo "2471"]
[BlackElo "2305"]
[PlyCount "84"]

1. e4 e5 2. Nf3 Nc6 3. d4 exd4 4. Bc4 Bb4+ 5. c3 dxc3 6. O-O cxb2 7. Bxb2 Nf6
8. a3 Be7 9. e5 Ng4 10. h3 Nh6 11. Qc2 O-O 12. Bd3 g6 13. Nc3 d6 14. exd6 cxd6
15. Nd5 Be6 16. Be4 Bxd5 17. Bxd5 Rc8 18. Qd2 Nf5 19. Rab1 Rc7 20. g4 Nh4 21.
Nd4 Ne5 22. Rfc1 h5 23. f4 Rc5 24. Bxb7 hxg4 25. Rxc5 dxc5 26. fxe5 cxd4 27.
Qxd4 Qc7 28. Qe4 Nf3+ 29. Kg2 Nd2 30. Rc1 Qxc1 31. Bxc1 Nxe4 32. Bxe4 Rc8 33.
Bb2 gxh3+ 34. Kxh3 Bxa3 35. Bxa3 Rc3+ 36. Kg4 Rxa3 37. Kg5 Ra5 38. Kf6 Ra6+ 39.
Kg5 Kg7 40. Kf4 f6 41. Bc2 Rb6 42. exf6+ 42... Kxf6 {robbok1 resigns} 0-1

[Event "ICS rated bullet match"]
[Site "207.99.83.229"]
[Date "1999.07.05"]
[Round "?"]
[White "lhg"]
[Black "Hossa"]
[Result "0-1"]
[WhiteElo "2253"]
[BlackElo "2448"]
[PlyCount "102"]

1. e4 e5 2. Nf3 Nc6 3. Bc4 Nf6 4. d4 exd4 5. Ng5 d5 6. exd5 Ne5 7. Qxd4 Nxc4 8.
Qxc4 Qxd5 9. Qe2+ Be7 10. O-O Bg4 11. f3 Bf5 12. Nc3 Qd4+ 13. Be3 Qb4 14. Bd4
Qxd4+ 15. Kh1 Qc5 16. Rfe1 Rd8 17. Nh3 Bxh3 18. gxh3 Rd7 19. Rad1 Rxd1 20. Nxd1
Kf8 21. Nc3 Rg8 22. Nd1 Bd6 23. Ne3 Qh5 24. Qg2 Qa5 25. c3 Qxa2 26. Ng4 Nd5 27.
Qe2 Qa4 28. b3 Qc6 29. c4 Nf4 30. Qe3 Nxh3 31. Kg2 Nf4+ 32. Kh1 a6 33. Re2 Nxe2
34. Qxe2 Bf4 35. Kg2 f5 36. Nf2 Qg6+ 37. Kh1 Qh5 38. Nd3 Bxh2 39. Kg2 Qh4 40.
Kf1 Qg3 41. Qg2 Kf7 42. Qxg3 Bxg3 43. f4 Rd8 44. Ne5+ Kf6 45. Nf3 Bxf4 46. Kg2
g5 47. Kf2 g4 48. Nh4 g3+ 49. Kf3 Kg5 50. Kg2 Rd2+ 51. Kf3 51... Rf2# {
lhg checkmated} 0-1

[Event "ICS rated bullet match"]
[Site "207.99.83.229"]
[Date "1999.07.05"]
[Round "?"]
[White "Hossa"]
[Black "ravingloony"]
[Result "1-0"]
[WhiteElo "2456"]
[BlackElo "2250"]
[PlyCount "40"]

1. e4 e6 2. d4 d5 3. Nd2 Nf6 4. e5 Ne4 5. Nxe4 dxe4 6. Be3 c5 7. Qg4 cxd4 8.
O-O-O Nc6 9. Bb5 Bd7 10. Bxd4 Nxd4 11. Rxd4 Bxb5 12. Rxd8+ Rxd8 13. Qxe4 Bc6
14. Qg4 h5 15. Qg3 h4 16. Qg4 g5 17. Nh3 Bh6 18. Re1 Ke7 19. f4 Rd4 20. Rg1
20... Rg8 {ravingloony resigns} 1-0

[Event "ICS rated blitz match"]
[Site "207.99.83.229"]
[Date "1999.07.05"]
[Round "?"]
[White "Hossa"]
[Black "zhora"]
[Result "1-0"]
[WhiteElo "2390"]
[BlackElo "2055"]
[PlyCount "45"]

1. e4 d6 2. d4 Nd7 3. Nf3 c5 4. dxc5 Nxc5 5. e5 Ne6 6. Bc4 dxe5 7. Bb5+ Bd7 8.
Bxd7+ Qxd7 9. Qxd7+ Kxd7 10. Nxe5+ Ke8 11. Be3 f6 12. Nf3 Nc7 13. Nc3 e5 14.
O-O-O Bb4 15. Ne4 f5 16. Nd6+ Bxd6 17. Rxd6 e4 18. Ne5 Nf6 19. Bg5 Rf8 20. Bxf6
Rxf6 21. Rd7 Rc8 22. Rxg7 Re6 23. Rg8+ {zhora resigns} 1-0

[Event "ICS Rated blitz match"]
[Site "207.99.83.229"]
[Date "1999.07.05"]
[Round "?"]
[White "nluis"]
[Black "Hossa"]
[Result "1-0"]
[WhiteElo "2424"]
[BlackElo "2394"]
[PlyCount "70"]

1. e4 c5 2. Nf3 e6 3. d4 cxd4 4. Nxd4 a6 5. c4 Nf6 6. Nc3 Bb4 7. e5 Ne4 8. Qg4
Nxc3 9. a3 Bf8 10. bxc3 d6 11. exd6 e5 12. Nf5 Bxf5 13. Qxf5 Bxd6 14. c5 Bc7
15. Rb1 Ra7 16. Be3 Nc6 17. Rd1 Qe7 18. Bc4 Bd8 19. O-O O-O 20. Rd7 g6 21. Qh3
Qf6 22. Bh6 Be7 23. Bxf8 Kxf8 24. Rb1 Na5 25. Bd5 Ke8 26. Rc7 Qf5 27. Qxf5 gxf5
28. c6 Bd8 29. Bxf7+ Kf8 30. Rd7 Nxc6 31. Bd5 b6 32. Bxc6 Rxd7 33. Bxd7 f4 34.
Bc8 a5 35. a4 35... Kf7 {Hossa resigns} 1-0